|
|
|
|
| LEADER |
00000nam0a2200000 4500 |
| 001 |
131075 |
| 005 |
20231101220301.0 |
| 010 |
|
|
|a 9785949380635
|
| 035 |
|
|
|a (RuTPU)RU\TPU\book\141960
|
| 090 |
|
|
|a 131075
|
| 100 |
|
|
|a 20080212d2008 km y0rusy50 ca
|
| 101 |
0 |
|
|a rus
|
| 102 |
|
|
|a RU
|
| 105 |
|
|
|a a z 001zy
|
| 200 |
1 |
|
|a Процессный подход к управлению. Моделирование бизнес-процессов
|f В. В. Репин, В. Г. Елиферов
|
| 205 |
|
|
|a 6-е изд.
|
| 210 |
|
|
|a Москва
|c Стандарты и качество
|d 2008
|
| 215 |
|
|
|a 404 с.
|c ил.
|
| 225 |
1 |
|
|a Практический менеджмент
|
| 320 |
|
|
|a Библиогр.: с. 371-372.
|
| 320 |
|
|
|a Глоссарий: с. 397-398.
|
| 330 |
|
|
|a Настоящая книга содержит методологию построения системы управления организацией на основе процессного подхода. Рассмотрены основные принципы и методы построения системы, способы совмещения процессного и функционально-иерархического управления. Приведены методики выделения процессов в организации, способы построения сети бизнес-процессов, методики моделирования процессов в нотациях IDEFO, IDEF3, DFD и ARIS и их сравнительные характеристики. Подробно изложены методики описания и регламентации процессов организации, их составных частей, построения системы показателей эффективности процессов и цикла непрерывного повышения эффективности.В книге также приведены рекомендации по построению в организации системы менеджмента качества, соответствующей требованиям МС ИСО 9001:2000, основанные на практическом опыте авторов.Книга предназначена для руководителей разного уровня, специалистов в областях управления, информатизации, систем менеджмента качества, консультантов по бизнес-процессам, а также для студентов высших учебных заведений по специальностям «Менеджмент», «Информационные технологии», «Управление качеством».
|
| 451 |
|
1 |
|0 (RuTPU)RU\TPU\book\74925
|y 5-94938-028-2
|t Процессный подход к управлению. Моделирование бизнес-процессов
|f В. В. Репин, В. Г. Елиферов
|c М.
|n Стандарты и качество
|d 2005
|p 408 с.
|s Практический менеджмент
|a Репин, Владимир Владимирович
|
| 606 |
1 |
|
|a Менеджмент систем качества
|2 stltpush
|3 (RuTPU)RU\TPU\subj\27902
|9 51563
|
| 610 |
1 |
|
|a управление
|
| 610 |
1 |
|
|a процессный подход
|
| 610 |
1 |
|
|a бизнес-процессы
|
| 610 |
1 |
|
|a моделирование
|
| 610 |
1 |
|
|a IDEF0
|
| 610 |
1 |
|
|a IDEF3
|
| 610 |
1 |
|
|a ARIS
|
| 610 |
1 |
|
|a описание
|
| 610 |
1 |
|
|a анализ
|
| 610 |
1 |
|
|a проекты
|
| 610 |
1 |
|
|a внедрение
|
| 610 |
1 |
|
|a ИСО 9001:2000
|
| 675 |
|
|
|a 658.562
|v 3
|
| 700 |
|
1 |
|a Репин
|b В. В.
|g Владимир Владимирович
|
| 701 |
|
1 |
|a Елиферов
|b В. Г.
|g Виталий Геннадиевич
|
| 801 |
|
1 |
|a RU
|b 63413507
|c 20080212
|g PSBO
|
| 801 |
|
2 |
|a RU
|b 63413507
|c 20230626
|g PSBO
|
| 900 |
|
|
|a Консалтинг при автоматизации предприятий
|
| 900 |
|
|
|a Методы и средства управления бизнес-процессами
|
| 942 |
|
|
|c BK
|
| 959 |
|
|
|a 13/20080212
|d 1
|e 440,00
|f ЧЗГЛ:1
|